| 000 | 00608nam a22002057a 4500 | ||
|---|---|---|---|
| 003 | URS | ||
| 005 | 20240920175528.0 | ||
| 008 | 240920b |||||||| |||| 00| 0 eng d | ||
| 040 | _cURS | ||
| 050 | _aAB00143 | ||
| 100 |
_4author _aGenciane, Judilyn Ann A. |
||
| 245 | _aEvolving Netspeak Word choices in social media. | ||
| 260 |
_aAngono, Rizal; _c2023 |
||
| 300 | _axiii, 58 p: 30 cm. | ||
| 700 |
_4author _aIlaya, Maria Eloisa S. |
||
| 700 |
_4author _aMangasin, Alyza Althea S. |
||
| 700 |
_4author _a Paralejas, Mary Grace M. |
||
| 700 |
_4author _aSantos, Christine, Lorraine F. |
||
| 942 |
_2lcc _cT |
||
| 999 |
_c80801 _d80800 |
||